000 00436nam a22001577a 4500
003 SGT
020 _a9788181915320
082 _a617.63
_bT24S
100 _aShivhare, Peeyush
245 _aTextbook of Oral Medicine & Oral Radiology
250 _a2nd Ed.
260 _aDelhi, India
_bParas Medical Publishers
_c2024
300 _aVol. 1 - 1-574; Vol. 2 - 575-1132
650 _aOral Medicine; Oral Radiology
942 _2ddc
_cBK
_090
999 _c28997
_d28997